| 000 | 00428nam a2200145Ia 4500 | ||
|---|---|---|---|
| 003 | OSt | ||
| 005 | 20260122101750.0 | ||
| 008 | 211028s2015 xx 000 0 und d | ||
| 040 | _cAIMIT LIBRARY | ||
| 041 | _aeng | ||
| 100 |
_aIrshad, P; Achar, Sumitha. _g1316050 _97323 |
||
| 245 | _aStudy on customer satisfaction towards karassery service co-operative bank / | ||
| 260 |
_aMangalore _bSumitha Achar _c2015 |
||
| 942 |
_2ddc _cPRO |
||
| 999 |
_c218893 _d218893 |
||